Geography Ending in Q, Starting with A-Z - Statistics

General Stats
  • This quiz has been taken 8 times
    3 since last reset
  • The average score is 14 of 26
Answer Stats
Clue Answer ending in Q % Correct
D Uzbek town where Bardot finds her inner self Dardoq
100%
I Country where civilisation began Iraq
100%
U Start of Pink Floyd double album in the far north, a town in Greenland Uummannaq
100%
A One cent found in French village Acq
67%
C Cress on bag in French town Cressonsacq
67%
J Give weapons to a village in Lebanon Jarmaq
67%
F Back in Morocco, there's a lot of noise Fnidq
67%
K Universal joules, all energy in Greenland outpost Kujalleq
67%
L The park in France Le Parcq
67%
M Muhammed loses second half; two rights make a governorate of Bahrain Muharraq
67%
O French river where 60 minutes has a quarter removed by the speed of light Ourcq
67%
P In France, speak to the manager; he got the chop for just a cent Parleboscq
67%
R Unending riff back amid quiet of Syrian governorate Rif Dimashq
67%
S Saudi village where footwear strike is reported Shuwaq
67%
T A western force by I-50 - in Somalia Tawfilq
67%
W Code encrypted in Belgian village Wodecq
67%
Z Hurried, while removing outer layers, to Swiss-sounding Maltese town Zurrieq
67%
B Tel Aviv suburb where we hear Obama has been strangely to the left Bene Baraq
33%
H Greet someone at waste container, initially a rubbish user's quest in Oman Hailat bin Aruq
33%
V Uhh, sweet village in France Verchocq
33%
G Chopper lands in an area of a hectare in Malta Ghaxaq
33%
N Canadian island where silver will stick out; in Lyon you first use it Nagjuttuuq
33%
Q Kabul beheading witnessed within a radius of a Kazakh town Qarabulaq
33%
E Is that in Cuba - put down 50 + 100 which holds it to be in France Esquelbecq
0%
X Old team from Azerbaijan loses at the end, as you see Xol Qarabucaq
0%
Y An imaginary number down with angina in river of Uzbekistan Yangiariq
0%
No matching quizzes found
Score Distribution
Percent of People with Each Score
Percentile by Number Answered
Your Score History
You have not taken this quiz since the last reset